Učíme stroje česky

Na minha lista:
Detalhes bibliográficos
Autor principal: Sgall, Petr
Outros Autores: Piťha, P.
Formato: Livro
Idioma:tcheco
Publicado em: Praha Panorama 1982
Colecção:Pyramida
Tags: Adicionar Tag
Sem tags, seja o primeiro a adicionar uma tag!

MARC

LEADER 00000nam a2200000 4500
001 c136100
005 20041019155306.2
041 0 |a cze 
044 |a CZ 
245 1 0 |a Učíme stroje česky  |c Petr Sgall, Petr Piťha 
264 1 |a Praha  |b Panorama  |c 1982 
300 |a 295 s. 
490 1 |a Pyramida 
830 0 |a Pyramida 
100 1 |a Sgall, Petr 
700 1 |a Piťha, P.